Bhupen Khakhar (Record no. 171819)
[ view plain ]
| 000 -LEADER | |
|---|---|
| fixed length control field | 00614nam a2200205 4500 |
| 005 - DATE AND TIME OF LATEST TRANSACTION | |
| control field | 20201109123436.0 |
| 010 ## - LCCN (DPL NO) | |
| LC control number | ENG-127489 |
| 020 ## - INTERNATIONAL STANDARD BOOK NUMBER | |
| Terms of availability | 200.00 |
| International Standard Book Number | 8187649127 |
| 035 ## - SYSTEM CONTROL NUMBER | |
| System control number | EN-111021 |
| 037 ## - SOURCE OF ACQUISITION | |
| Source of stock number/acquisition | DBAD/PUB |
| 082 ## - DEWEY DECIMAL CLASSIFICATION NUMBER | |
| Classification number | 823.914 |
| 245 ## - TITLE STATEMENT | |
| Title | Bhupen Khakhar |
| Statement of responsibility, etc | translated by Ganesh Devy,Naushil Mehta and Bina Srinivasan |
| 260 ## - PUBLICATION, DISTRIBUTION, ETC. (IMPRINT) | |
| Place of publication, distribution, etc | New Delhi |
| Name of publisher, distributor, etc | Katha |
| Date of publication, distribution, etc | 2001 |
| 270 ## - ADDRESS | |
| Address | A-3 Sarvodaya Enclave Sri Aurobindo Marg |
| City | New Delhi |
| Postal code | 110017 |
| 300 ## - PHYSICAL DESCRIPTION | |
| Extent | V;203p. |
| Dimensions | 20cm(hb) |
| 700 ## - ADDED ENTRY--PERSONAL NAME | |
| Personal name | Devy,Ganesh |
| 700 ## - ADDED ENTRY--PERSONAL NAME | |
| Personal name | Mehta,Naushil |
| 700 ## - ADDED ENTRY--PERSONAL NAME | |
| Personal name | Srinivasan,Bina |
| 942 ## - ADDED ENTRY ELEMENTS (KOHA) | |
| Source of classification or shelving scheme | Dewey Decimal Classification |
| Item type | English Books |
| Classification part | 823.914 |
| Call number suffix | BHU |
| Withdrawn status | Lost status | Not for loan | Collection code | Home library | Current library | Date acquired | Source of acquisition | Cost, normal purchase price | Full call number | Barcode | Copy number | Cost, replacement price | Koha item type |
|---|---|---|---|---|---|---|---|---|---|---|---|---|---|
| Non-fiction | Central Library | Central Library | 21/01/2020 | DBAD/PUB | 200.00 | 823.914 BHU | EN-111021 | 1 | 200.00 | English Books |
